| 000 | 00941nam a2200277 i 4500 | ||
|---|---|---|---|
| 001 | 135398 | ||
| 003 | ES-MaACL | ||
| 005 | 20240228213522.0 | ||
| 007 | t| | ||
| 008 | 070717s1982 sp |||| | spa d | ||
| 080 | _a946"16"(04) | ||
| 080 | _a32(46)"16"(04) | ||
| 100 | 0 |
_aTomás y Valiente, Francisco, _d1932-1996 _9110535 |
|
| 245 | 1 | 4 |
_aLos validos en la monarquía española del siglo XVII _b: estudio institucional / _cpor Francisco Tomás y Valiente. |
| 250 | _a1ª ed. | ||
| 260 |
_a[Madrid] : _bSiglo Veintiuno, _c1982. |
||
| 300 |
_aVII, 208 p. ; _c21 cm. |
||
| 490 | 1 | _aHistoria | |
| 650 | 4 |
_aMonarquía- _zEspaña. _915144 |
|
| 650 | 1 | 4 |
_aCorte y cortesanos- _zEspaña- _yS.XVII. _911384 |
| 651 | 4 |
_aEspaña- _xHistoria- _y1516-1700, Casa de Austria _98228 |
|
| 710 | 2 |
_aInstituto de Estudios Políticos (Madrid) _94924 |
|
| 830 | 0 |
_aHistoria _9177536 |
|
| 852 |
_aES-MaACL _jL-3907 |
||
| 999 |
_c135398 _d135398 |
||